[Event "Rheinland Pfalz op 10th"]
[Site "Nickenich"]
[Date "2018.05.31"]
[Round "2"]
[White "Weber, Winfried1"]
[Black "Haller, Luis"]
[Result "0-1"]
[WhiteElo "1317"]
[BlackElo "1711"]
[PlyCount "70"]
[EventDate "2018.05.31"]
[EventType "swiss"]
[EventRounds "7"]
[EventCountry "GER"]
[SourceTitle "CBM 184 Extra"]
[Source "ChessBase"]
[SourceDate "2018.06.28"]
[SourceVersion "1"]
[SourceVersionDate "2018.06.28"]
[SourceQuality "1"]

1. d4 d5 2. c4 c6 3. e3 Nf6 4. Nc3 Bf5 5. f3 Nbd7 6. Bd3 Bxd3 7. Qxd3 dxc4 8. Qxc4 Nb6 9. Qd3 e5 10. Nge2 exd4 11. Nxd4 Qd7 12. 0-0 c5 13. Qb5 cxd4 14. exd4 0-0-0 15. Qxd7+ Rxd7 16. Be3 Nbd5 17. Nxd5 Nxd5 18. Rac1+ Rc7 19. Bf2 Bd6 20. Rfe1 Rxc1 21. Rxc1+ Kd7 22. Re1 Rc8 23. a3 Rc2 24. Rb1 Bxh2+ 25. Kxh2 Rxf2 26. Kg3 Rd2 27. b4 Rxd4 28. Rc1 Rd3 29. Rc5 b6 30. Rc2 Rxa3 31. Rd2 Ke6 32. Kh4 Ra4 33. Re2+ Kd7 34. Rd2 Rxb4+ 35. Kg3 Kd6 0-1

[Event "GER-ch U14"]
[Site "Willingen"]
[Date "2018.05.26"]
[Round "9"]
[White "Fromm, Marius"]
[Black "Haller, Luis"]
[Result "1-0"]
[WhiteElo "1974"]
[BlackElo "1861"]
[PlyCount "133"]
[EventDate "2018.05.19"]
[EventType "swiss"]
[EventRounds "9"]
[EventCountry "GER"]
[SourceTitle "CBM 184 Extra"]
[Source "ChessBase"]
[SourceDate "2018.06.28"]
[SourceVersion "1"]
[SourceVersionDate "2018.06.28"]
[SourceQuality "1"]

1. Nf3 d5 2. c4 c6 3. g3 Bg4 4. Bg2 Nd7 5. 0-0 e6 6. d3 Ngf6 7. Qc2 Bd6 8. h3 Bf5 9. Nh4 Bg6 10. Nxg6 fxg6 11. Nc3 0-0 12. Rb1 a5 13. cxd5 cxd5 14. d4 Rc8 15. Qd3 Qb6 16. Nb5 Bb8 17. Nc3 Rc4 18. e3 Rfc8 19. Bd2 Bd6 20. Rfc1 Nb8 21. b3 R4c6 22. Na4 Rxc1+ 23. Rxc1 Rxc1+ 24. Bxc1 Qc6 25. Bd2 b5 26. Nc3 b4 27. Na4 Qa6 28. Qxa6 Nxa6 29. Bf1 Nc7 30. Bd3 Kf7 31. Kg2 Ke7 32. Bc1 Kd7 33. Bb2 g5 34. f3 g6 35. Kf2 Nce8 36. Kg2 Nc7 37. e4 Nh5 38. e5 Bf8 39. Bc1 Be7 40. Nb6+ Kd8 41. f4 gxf4 42. g4 Ng7 43. Bxf4 g5 44. Be3 h6 45. h4 Nge8 46. Be2 Ng7 47. hxg5 Bxg5 48. Bxg5+ hxg5 49. Kf3 Nce8 50. Bb5 Nc7 51. Bd3 Nge8 52. Ke3 Ng7 53. Kd2 Nce8 54. Na4 Kc7 55. Bb5 Kb8 56. Nc5 Nc7 57. Bc6 Ka7 58. Nd7 Na8 59. Nf8 Nc7 60. Nh7 Kb6 61. Bd7 Nb5 62. Bxb5 Kxb5 63. Nxg5 a4 64. Nf7 axb3 65. axb3 Kc6 66. Nd6 Kd7 67. Ke3 1-0

[Event "GER-ch U14"]
[Site "Willingen"]
[Date "2018.05.23"]
[Round "6"]
[White "Haller, Luis"]
[Black "Popist, Florian"]
[Result "1/2-1/2"]
[WhiteElo "1861"]
[BlackElo "1894"]
[PlyCount "50"]
[EventDate "2018.05.19"]
[EventType "swiss"]
[EventRounds "9"]
[EventCountry "GER"]
[SourceTitle "CBM 184 Extra"]
[Source "ChessBase"]
[SourceDate "2018.06.28"]
[SourceVersion "1"]
[SourceVersionDate "2018.06.28"]
[SourceQuality "1"]

1. d4 d5 2. Nc3 Nf6 3. Bg5 c6 4. Nf3 Bf5 5. g3 Nbd7 6. Bg2 h6 7. Bf4 e6 8. 0-0 Be7 9. a3 a5 10. Re1 0-0 11. Nb1 c5 12. c3 Qb6 13. Qc1 Rfc8 14. Nbd2 Ne4 15. h3 Bh7 16. Nxe4 Bxe4 17. Be3 Bxf3 18. Bxf3 Qb3 19. dxc5 Bxc5 20. Bxc5 Rxc5 21. Rb1 Rac8 22. Qd1 Qxd1 23. Rexd1 Ne5 24. Bg2 Rb5 25. e4 dxe4 1/2-1/2

[Event "GER-chT U14"]
[Site "Verden an der Aller"]
[Date "2017.12.29"]
[Round "5.1"]
[White "Kracht, Raphael"]
[Black "Haller, Luis"]
[Result "1-0"]
[WhiteElo "1893"]
[BlackElo "1748"]
[PlyCount "87"]
[EventDate "2017.12.26"]
[EventType "team-swiss"]
[EventRounds "7"]
[EventCountry "GER"]
[SourceTitle "CBM 182 Extra"]
[Source "ChessBase"]
[SourceDate "2018.02.23"]
[SourceVersion "1"]
[SourceVersionDate "2018.02.23"]
[SourceQuality "1"]
[WhiteTeam "Brackel"]
[BlackTeam "Konz Karthaus"]
[WhiteTeamCountry "GER"]
[BlackTeamCountry "GER"]

1. e4 e6 2. d4 d5 3. Nd2 Nf6 4. e5 Nfd7 5. f4 c5 6. c3 Nc6 7. Ndf3 Qb6 8. g3 cxd4 9. cxd4 Bb4+ 10. Kf2 0-0 11. Kg2 f6 12. Bd3 Be7 13. h4 f5 14. Ne2 Nb4 15. Bb1 Qc7 16. a3 Nc6 17. g4 fxg4 18. Ng5 Bxg5 19. hxg5 g6 20. Rh6 Rf7 21. f5 gxf5 22. g6 Rg7 23. gxh7+ Kh8 24. Rxe6 Nf8 25. Re8 Qf7 26. Rxf8+ Qxf8 27. Bh6 Qf7 28. Bxg7+ Qxg7 29. Nf4 Ne7 30. Qa4 Qf7 31. Bd3 Be6 32. Qb4 Nc6 33. Qd6 Nxd4 34. Rc1 Bd7 35. Ng6+ Kxh7 36. Rh1+ Kg7 37. Nf8 Qxf8 38. Qh6+ Kf7 39. Qf6+ Ke8 40. Rh8 Ne6 41. Bb5 Nf4+ 42. Kh2 Qxh8+ 43. Qxh8+ Kf7 44. Qxa8 1-0

[Event "Heusenstamm Sparkassen op-A 4th"]
[Site "Heusenstamm"]
[Date "2017.11.25"]
[Round "5"]
[White "Haller, Luis"]
[Black "Hinrichs, Paul"]
[Result "0-1"]
[WhiteElo "1711"]
[BlackElo "1844"]
[PlyCount "82"]
[EventDate "2017.11.23"]
[EventType "swiss"]
[EventRounds "7"]
[EventCountry "GER"]
[SourceTitle "EXT 2019"]
[Source "ChessBase"]
[SourceDate "2018.10.10"]
[SourceVersion "1"]
[SourceVersionDate "2018.10.10"]
[SourceQuality "1"]

1. d4 d5 2. c4 c6 3. Nf3 Nf6 4. Nc3 e6 5. e3 Nbd7 6. Qc2 Bd6 7. Bd3 e5 8. dxe5 Nxe5 9. Nxe5 Bxe5 10. b3 0-0 11. Bb2 Be6 12. 0-0-0 Qe7 13. f4 dxc4 14. Bxc4 Bc7 15. Bxe6 Qxe6 16. Rhe1 Rad8 17. g3 Rxd1+ 18. Qxd1 Rd8 19. Qc2 c5 20. f5 Qe7 21. e4 Ng4 22. Kb1 Bb8 23. Qe2 Qg5 24. h4 Qh5 25. Rg1 Nf6 26. Qxh5 Nxh5 27. g4 Ng3 28. Kc2 Be5 29. Re1 Kf8 30. Na4 Bxb2 31. Kxb2 b6 32. Kc2 h5 33. g5 Re8 34. Nc3 Nxf5 35. Kd2 Nxh4 36. Rh1 Nf3+ 37. Ke3 Nxg5 38. Rxh5 f6 39. Kf4 Kf7 40. Rh1 Ne6+ 41. Ke3 Nc7 0-1